Score 0/17 Timer 04:00
0 Plays Today
Forwards Words % Correct
Latin, therefore Ergo
92.9%
FirearmsGuns
91%
To put on (clothing)Don
90.3%
InsaneMad
89.2%
Nickame often used for medicsDoc
86.9%
Bill from a restaurantTab
86.6%
What a criminal found guilty has to serveTime
85.1%
To continue in existenceLive
79.9%
Strong taste/flavourTang
66%
Forwards Words % Correct
Boggy areaMoor
65.3%
To make merryRevel
65.3%
Sliding compartment in furnitureDrawer
62.7%
A central fore-and-aft structural member in the bottom of a hullKeel
57.5%
Monetary unit of IranRial
51.5%
MarksmanSniper
48.1%
Turned towardsFaced
47%
Movement of deviation from a direct courseYaw
36.6%
Remove Ads.
Support Sporcle.
Get the best of Sporcle when you Go Orange. This ad-free experience offers more features, more stats, and more fun while also helping to support Sporcle. Thank you for becoming a member.

You're not logged in!

Compare scores with friends on all Sporcle quizzes.
OR
Log In

Show Comments

Extras

Top Quizzes Today


Score Distribution

Your Account Isn't Verified!

In order to create a playlist on Sporcle, you need to verify the email address you used during registration. Go to your Sporcle Settings to finish the process.

Report this User

Report this user for behavior that violates our Community Guidelines.

Details: